00949nam a2200181 a 450000100100000000500170001000800410002702000180006804000250008608200110011124501910012226000550031330000380036850502170040670000250062370000230064871000960067100004870920201002061340.0190410s2016 dr ac 000 0 spa d a9789945904307 aDO-SdBNPbspacBNPHU axxbxx00aCondiciones de trabajo de la Policía Nacional en los destacamentos del corredor Duarte y 18 barrios de la Zona Norte del Distrito Nacional /cedición Rosalía Sosa, Carlos Pimentel. aSanto Domingo :bParticipación Ciudadana,c2016. a53 p. ; :bils., retrs. ;c29 cm.0 aPrograma de a10cción de la Sociedad Civil por la seguridad y la justicia --tObservatorio ciudadano a la Policia Nacional --tDiagnóstico condiciones laborales y logísticas de la Policia Nacional en 2016 --1 aSosa, Rosalíaeed.1 aAcosta, Zoilaeed.2 aAcción de la Sociedad Civil por la seguridad y la Justicia (PASJ), República Dominicana